00000000nam##2200000za#4500
0019.589958
003CaOODSP
00520210624195909
007cr |||||||||||
008150406|2008||||xxc|||||o    f|0| 0 fre|d
022 |a1488-5379
040 |aCaOODSP|bfre
041 |aeng
041 |afre
043 |an-cn---
0861 |aFs97-6/2793-PDF
1101 |aCanada. |bMinistère des pêches et des océans.
24510|aCompes rendus du 34ième atelier annuel sur la toxicité aquatique : |h[ressource électronique]|bdu 30 septembre au 3 octobre 2007, Halifax, Nouvelle-Écosse / |cÉditeurs, K.A. Kidd ... [et al.]
260 |aSt. Andrews - Nouveau-Brunswick : |bPêches et Océans Canada |c2008.
4901 |aRapport technique canadien des sciences halieutiques et aquatiques|x1488-5379|vN° 2793
500 |aPubl. par la Station biologique de St. Andrews, Nouveau-Brunswick. Le numéro de catalogue et l'ISSN de l'édition imprimée apparaissent dans la version PDF.
546 |aTexte d'introduction en français et anglais. Les articles en leurs langues originales.
590 |a14-06-Supp|b2014-03-21
69107|aÉcosystème aquatique|2gcpds
69107|aPollution de l'eau|2gcpds
69107|aToxicologie|2gcpds
7201 |aKidd, K. A.
7760#|tProceedings of the 34th annual aquatic toxicity workshop : |w(CaOODSP)9.546158
791 |tProceedings of the 34th annual aquatic toxicity workshop : |eeng|w(CaOODSP)9.589957
830#0|aRapport technique canadien des sciences halieutiques et aquatiques,|x1488-5379|vN° 2793|w(CaOODSP)9.500270
85640|ahttp://publications.gc.ca|qPDF|s4230 Ko|uhttps://publications.gc.ca/collections/collection_2014/mpo-dfo/Fs97-6-2793.pdf|yN° 2793